| 000 | 01675nam a2200277Ia 4500 | ||
|---|---|---|---|
| 999 |
_c46165 _d46165 |
||
| 001 | 12997 | ||
| 003 | GE_BSU | ||
| 005 | 20240830121345.0 | ||
| 008 | 181216s2014||||ge |||||||||||||| ||geo|| | ||
| 020 | _a9789941935466 | ||
| 040 | _cGE_BSU | ||
| 041 | _ageo | ||
| 080 | _a347.9(075.8) შ-19 | ||
| 100 |
_aშალიკაშვილი, მორის _96791 |
||
| 245 |
_aსასჯელაღსრულების სამართალი : _b(სახელმძღვ.) / _cმორის შალიკაშვილი, გივი მიქანაძე, მაია (ზოია) ხასია. |
||
| 264 |
_aთბილისი : _bიურისტების სამყარო, _c2014. |
||
| 300 |
_a516 გვ. ; _c20 სმ. |
||
| 500 | _aგამოცემულია ფონდ "ღია საზოგადოება - საქართველოს" ფინანსური მხარდაჭერით. თავფურცლის მე-2 გვ.: მე-4 ავტორი ანტონ ქელბაქიანი | ||
| 500 | _aთავფურცლის მე-2 გვ. : მე-4 ავტორი ანტონ ქელბაქიანი | ||
| 504 | _aბიბლიოგრ. : გვ. 491-504 | ||
| 653 | _aსასჯელაღსრულების სამართალი | ||
| 653 | _aპატიმართა უფლებები | ||
| 700 |
_aმიქანაძე, გ. (გივი) _e ავტორი _923148 |
||
| 700 |
_aქელბაქიანი, ა. (ანტონ) _eავტორი _923149 |
||
| 942 |
_cBK _2udc |
||